Statistics for NBA Champions Quiz

Click here to take the quiz!

General Stats

  • This quiz has been taken 234,049 times
    (13,714 since last reset)
  • The average score is 39 of 71

Answer Stats

YearWinner% Correct
2020Lakers
99%
2017Warriors
95%
2019Raptors
95%
2018Warriors
95%
2016Cavaliers
93%
2015Warriors
93%
2013Heat
90%
2012Heat
89%
2014Spurs
88%
2010Lakers
85%
2011Mavericks
84%
2009Lakers
83%
2008Celtics
80%
1996Bulls
78%
1997Bulls
78%
1998Bulls
77%
2000Lakers
77%
2001Lakers
76%
1992Bulls
76%
2002Lakers
76%
1993Bulls
76%
1991Bulls
75%
2007Spurs
75%
2006Heat
71%
2005Spurs
70%
2004Pistons
69%
1995Rockets
68%
2003Spurs
67%
1994Rockets
66%
1999Spurs
65%
1988Lakers
65%
1987Lakers
65%
1990Pistons
64%
1986Celtics
64%
1985Lakers
63%
1984Celtics
62%
1989Pistons
62%
1982Lakers
53%
1981Celtics
51%
1980Lakers
51%
198376ers
43%
1962Celtics
42%
1963Celtics
42%
1960Celtics
42%
1961Celtics
42%
1959Celtics
41%
1964Celtics
41%
1965Celtics
40%
1966Celtics
40%
1968Celtics
36%
1969Celtics
35%
1957Celtics
30%
1950Lakers
29%
1976Celtics
29%
1972Lakers
29%
1974Celtics
28%
1954Lakers
25%
1979SuperSonics
25%
1952Lakers
25%
1953Lakers
24%
1973Knicks
23%
1970Knicks
22%
1977Trail Blazers
22%
1971Bucks
22%
1978Bullets
21%
1975Warriors
20%
196776ers
18%
1958Hawks
15%
1956Warriors
14%
1951Royals
12%
1955Nationals
9%

Score Distribution

Percentile by Number Answered

Percent of People with Each Score

Your Score History

You have not taken this quiz since the last reset